000 01396cad a22002295a 4500
001 E146592
008 090206s2009 xxk f s000 0 eng d
035 _a(Sirsi) u146592
041 0 _aeng
050 0 4 _a306.1 $2 18
110 2 _aHousing Supply Task Force
_95695
245 0 0 _aHousing supply in Scotland
_ba review by the Housing Supply Task Force, 6 February 2009
_h[electronic resource]
260 _a[S.l.]
_bHousing Supply Task Force
_c2009
505 2 _aIntroduction to the Housing Supply Task Force -- Changing economic circumstances -- The work of the Task Force: geographic case studies, thematic studies -- Conclusions and recommendations -- Next steps
520 _aThe Housing Supply Task Force was set up by the Scottish Government in June 2007 with the aim of identifying and addressing the problems with the supply of housing of all tenure types. This report sets out the activities of the Task Force since their establishment and outlines their recommendations for ensuring adequate supplies of housing in the future.
521 _aAdvanced
590 _aKA
651 4 _aScotland
_y1999-
690 _aPROPERTY-RESIDENTIAL PROPERTY-DOMESTIC RESIDENTIAL PROPERTY-HOUSING
856 4 0 _uhttps://www.scotland.gov.uk/Topics/Built-Environment/Housing/supply-demand/housing-supply-task-force/HSTFreport
_zView the report free of charge at www.scotland.gov.uk...
942 _n0
999 _c109234
_d109234